Bratislava a okolie podrobný atlas mesta

Podrobná bibliografia
Hlavný autor: Čeman, Róbert (Autor)
Korporatívny autor: MAPA Slovakia (Bratislava, Slovensko) (Autor)
Ďalší autori: Magulová, Milina (Spolupracovník), Glosová, D. (Spolupracovník)
Médium: Mapa Kniha
Jazyk:slovenčina
angličtina
nemčina
maďarčina
Fyzický popis:1 atlas (120 s.) mapy a text 30 x 21 cm
Vydavateľské údaje: Bratislava Mapa Slovakia 2000
ISBN:8088716764
Vydanie:4. aktualizované vyd.
Predmet:

MARC

LEADER 00000nam a2200000 a 4500
001 vtls001377830
003 SK-MaSNL
005 20260426011349.0
007 ad cazzn
008 240226s2000 xo e slo
015 |a SNBC2000/02-00758 
020 |a 8088716764 
035 |a SNK000331785 
035 |a urn:nbn:sk:snk-amtkga 
035 |a urn:nbn:sk:snk-am00c6yf 
035 |a E7F0C96B-0C33-4140-9F48-C028E41021AB 
040 |a SNK  |b slo  |c SNK  |e AACR2 
041 0 |a slo  |a eng  |a ger  |a hun 
043 |a e-xo--- 
044 |a xo  |c SK 
080 |a 908.437.6-25(084.4)  |2 1981 
080 |a 796.5  |2 1981 
110 2 |a MAPA Slovakia (Bratislava, Slovensko)  |4 aut  |9 33173 
245 1 0 |a Bratislava a okolie  |h kartografický dokument  |b podrobný atlas mesta  |c spracovala MAPA Slovakia s.r.o., Bratislava ; technický redaktor B. Glos ; redaktor mapovej časti: A. Fuknová ; spolupráca: M. Magulová, D. Glosová ; obálka: R. Čeman 
250 |a 4. aktualizované vyd. 
255 |a Mierky rôzne 
260 |a Bratislava  |b Mapa Slovakia  |c 2000 
300 |a 1 atlas (120 s.)  |b mapy a text  |c 30 x 21 cm 
500 |a Čiast. text angl., nem. a maď. 
500 |a Obalový názov 
500 |a Obsahuje inform., graf. mierky, klad l., mp. výr., pl., rekl., vysvetl. Red. uzávierka 31.10.1999 
651 7 |a Bratislava (Slovensko)  |2 SNK  |9 14568 
655 7 |a orientačné plány  |2 SNK  |9 74276 
655 7 |a atlasy  |2 SNK  |9 70424 
700 1 |a Glos, D.  |4 lso  |9 685798 
700 1 |a Fuknová, Alexandra  |4 lso  |9 43795 
700 1 |a Magulová, Milina  |4 clb  |9 65105 
700 1 |a Glosová, D.  |4 clb  |9 597985 
700 1 |a Čeman, Róbert  |4 aut  |9 43254 
919 |a 80-88716-76-4 
923 |a atlas  |b viazaný  |c pre verejnosť 
958 |a OND 
999 |c 1065849  |d 1067779 
952 |t P60, <03>, [BOOK], {603}  |a SNK  |b SNK  |y PREZ  |7 0  |p 17A0239144  |o snkSB 61820  |i snkKSP 5403/2000  |8 0  |0 0  |1 0  |4 0  |d 2000-05-25  |f 1  |l 0  |r 2017-06-30 00:00:00  |w 2026-02-24 
952 |t P60, <04>, [BOOK], {604}  |a SNK  |b SNK  |y VYP  |7 0  |p 17A0239145  |o snkSB 61820 D1  |i snkKSP 5404/2000  |8 0  |0 0  |1 0  |4 0  |d 2000-05-25  |l 0  |r 2005-01-02 00:00:00  |w 2026-02-24